AYUSHI(MARATHI AND HINDI) (Record no. 535264)

MARC details
000 -LEADER
fixed length control field 00456pam a2200157a 44500
008 - FIXED-LENGTH DATA ELEMENTS--GENERAL INFORMATION
fixed length control field 230515b1997 xxu||||| |||| 00| 0 eng d
020 ## - INTERNATIONAL STANDARD BOOK NUMBER
International Standard Book Number NULL
041 ## - LANGUAGE CODE
Language code of text/sound track or separate title ENGL
082 ## - DEWEY DECIMAL CLASSIFICATION NUMBER
Classification number 614 FRC
100 ## - MAIN ENTRY--PERSONAL NAME
Personal name ","
245 ## - TITLE STATEMENT
Title AYUSHI(MARATHI AND HINDI)
250 ## - EDITION STATEMENT
Edition statement 0
260 ## - PUBLICATION, DISTRIBUTION, ETC.
Place of publication, distribution, etc. BOMBAY
Name of publisher, distributor, etc. FOUNDATION FOR RESEARCH IN COMMUNITY HEALTH
Date of publication, distribution, etc. 1997
300 ## - PHYSICAL DESCRIPTION
Extent NULL
650 ## - SUBJECT ADDED ENTRY--TOPICAL TERM
Topical term or geographic name entry element "MEDICAL SCIENCES,HEALTH NUTRITION,FEMALE REPRODUCATIVE SYSTEMS,DIESES- ADULT- CHILDREN"
Holdings
Withdrawn status Lost status Damaged status Not for loan Home library Current library Shelving location Date acquired Source of acquisition Cost, normal purchase price Total Checkouts Full call number Barcode Date last seen Price effective from Koha item type
        Social Science Centre (MSW), Pune Social Science Centre (MSW), Pune   10/10/1999 NULL 0.00   614 FRC MSP-SC-1439 28/06/2023 28/06/2023 Book